[Event "AUTO-INT-876"]
[Site "http://www.queenalice.com/game.php?id=391967"]
[Date "2008.4.23"]
[Round "1"]
[White "duis"]
[Black "Velasquez"]
[Result "0-1"]
[WhiteElo "1816"]
[BlackElo "1823"]

1. e4 e6 2. d4 d5 3. e5 c5 4. Nf3 Nc6 5. c3 Qb6 6. Be2 cxd4 7. cxd4 Bd7 8. O-O
Nge7 9. Nc3 Nf5 10. Bg5 Ncxd4 11. Nxd4 Qxd4 12. Qxd4 Nxd4 13. Bd3 h6 14. Be3 Nc6
15. Rac1 Nxe5 16. Be2 Be7 17. Nb1 Bc6 18. Nd2 O-O 19. Nb3 Rfc8 20. Rcd1 b6 21.
f4 Nd7 22. Bh5 Bf6 23. Rd2 Bb5 24. Rff2 Rc7 25. g3 Rac8 26. Rd1 Rc2 27. Nd4 Rxf2
28. Bxf2 Ba6 29. f5 Bxd4 30. Bxd4 Nc5 31. fxe6 fxe6 32. b4 Ne4 33. Bg4 Rc6 34.
a4 Bc8 35. Bf3 Ng5 36. Bh5 Rc4 37. a5 bxa5 38. bxa5 a6 39. h4 Ne4 40. Kg2 Rc2+
41. Kf3 Bd7 42. Bg6 Rd2 43. Rxd2 Nxd2+ 44. Ke3 Nc4+ 45. Kf2 Nxa5 46. Bd3 Bb5 47.
Bxb5 axb5 48. Kf3 b4 49. Ke2 Kf7 50. Kd2 Nb3+ 51. Kd3 Nxd4 52. Kxd4 Kf6 53. Kd3
Ke5 54. Kc2 Kd4 55. g4 e5 56. g5 hxg5 57. hxg5 e4 58. g6 e3 59. Kb3 e2 60. Kxb4
e1=Q+ 61. Ka3 Kc3 62. Ka4 Qb1 63. Ka5 Qb7 64. Ka4 Qb4# 0-1

[Event "AUTO-INT-876"]
[Site "http://www.queenalice.com/game.php?id=391968"]
[Date "2008.4.23"]
[Round "1"]
[White "Velasquez"]
[Black "duis"]
[Result "1-0"]
[WhiteElo "1811"]
[BlackElo "1763"]

1. e4 e5 2. Nf3 Nc6 3. Bb5 Nf6 4. Nc3 Nd4 5. d3 Bd6 6. Bc4 Bb4 7. Bd2 d6 8. a3
Bc5 9. b4 Bb6 10. Ng5 Bg4 11. Bxf7+ Kd7 12. f3 h6 13. fxg4 hxg5 14. h3 Nh7 15.
Nd5 Rf8 16. Rf1 c6 17. Nxb6+ Qxb6 18. c3 Nb5 19. a4 Nc7 20. a5 Qa6 21. Qf3 Kd8
22. c4 b5 23. Qf5 Rh8 24. Bxg5+ Nxg5 25. Qxg5+ Kc8 26. Qxg7 Kb7 27. Kd2 Rhd8 28.
Rf6 Rd7 29. Qg6 Kb8 30. Rxd6 Qc8 31. Rxc6 Qd8 32. Ra3 Qe7 33. Bd5 Nxd5 34. cxd5
a6 35. Rac3 Ka7 36. Rxa6+ Kb8 37. Qb6+ Rb7 38. Rxa8+ Kxa8 39. Rc8+ Rb8 40. Qxb8#
1-0

[Event "AUTO-INT-876"]
[Site "http://www.queenalice.com/game.php?id=391969"]
[Date "2008.4.23"]
[Round "1"]
[White "duis"]
[Black "Mehiel"]
[Result "1-0"]
[WhiteElo "1727"]
[BlackElo "1631"]

1. e4 e5 2. d4 exd4 3. Nf3 c5 4. Bc4 Be7 5. Bf4 Nf6 6. Ng5 O-O 7. Na3 d6 8. O-O
Ng4 9. Nf3 Nf6 10. Qe2 a6 11. e5 dxe5 12. Bxe5 Nc6 13. Bg3 b5 14. Bd3 c4 15. Be4
Nxe4 16. Qxe4 Bb7 17. Rad1 Na5 18. Qg4 Bd6 19. Be5 Bxf3 20. Qxg7# 1-0

[Event "AUTO-INT-876"]
[Site "http://www.queenalice.com/game.php?id=391970"]
[Date "2008.4.23"]
[Round "1"]
[White "Mehiel"]
[Black "duis"]
[Result "0-1"]
[WhiteElo "1661"]
[BlackElo "1746"]

1. e4 e5 2. Nf3 Nc6 3. Bc4 Nh6 4. O-O d6 5. d3 Be6 6. Bxe6 fxe6 7. Bxh6 gxh6 8.
Nc3 d5 9. exd5 exd5 10. Re1 Bg7 11. d4 O-O 12. Nxe5 Qf6 13. f3 Qf7 14. Nxf7 Rxf7
15. Nxd5 Bxd4+ 16. Kh1 Rd8 17. c4 Kh8 18. h3 Rg8 19. Rc1 Rfg7 20. g4 Be5 21. b3
Bg3 22. Re4 Ne5 23. Kg2 Bh4 24. Rxe5 Bg5 25. Rc2 c6 26. Nc7 Rxc7 27. Rce2 Rcg7
28. Qd4 Bf6 29. Qxa7 Bxe5 30. Rxe5 b5 31. cxb5 Rxa7 32. bxc6 Rxa2+ 33. Kg3 Rc8
34. Re6 Rb2 35. Rxh6 Rxb3 36. Rd6 Rc3 37. h4 R3xc6 38. Rxc6 Rxc6 39. h5 Kg7 40.
f4 Kf6 41. Kh4 Rc4 42. f5 Rf4 43. Kg3 Kg5 44. h6 Rxg4+ 45. Kh3 Kxf5 46. Kh2 Kf4
47. Kh3 Kf3 48. Kh2 Rg3 49. Kh1 Kf2 50. Kh2 Rf3 51. Kh1 Rh3# 0-1

[Event "Challenge"]
[Site "http://www.queenalice.com/game.php?id=425912"]
[Date "2008.7.1"]
[Round "-"]
[White "ORNELAS"]
[Black "duis"]
[Result "0-1"]
[WhiteElo "1775"]
[BlackElo "1749"]

1. b3 e5 2. d3 d5 3. Bb2 Nc6 4. g3 Nf6 5. Bg2 Bc5 6. e3 Bf5 7. Nf3 Bg4 8. Nbd2
O-O 9. h3 Bf5 10. O-O e4 11. dxe4 dxe4 12. Nh2 Qe7 13. a3 a5 14. c3 Bd6 15. Re1
b5 16. c4 b4 17. f3 Bxg3 18. Rf1 Nh5 19. f4 Qh4 20. Ndf3 exf3 21. Qxf3 Bd7 22.
Bxg7 Nxg7 23. axb4 Nxb4 24. Rad1 Bc6 25. Qg4 f5 26. Qxh4 Bxh4 27. Bxc6 Nxc6 28.
Nf3 Be7 29. Rd7 Rae8 30. Rxc7 Nb4 31. Ra7 Bc5 32. Rxa5 Bxe3+ 33. Kg2 Bxf4 34.
Rd1 Nc2 35. Nd4 Ne3+ 36. Kf3 Nxd1 37. Kxf4 Re4+ 38. Kg5 Rxd4 39. Ra7 Ne6+ 40.
Kh5 Nf2 41. Re7 Re4 42. h4 Nh3 43. c5 Nhf4+ 44. Kh6 Rf6# 0-1

[Event "Challenge"]
[Site "http://www.queenalice.com/game.php?id=429171"]
[Date "2008.7.7"]
[Round "-"]
[White "luizantoniosetti"]
[Black "duis"]
[Result "1-0"]
[WhiteElo "2133"]
[BlackElo "1799"]

1. e4 e5 2. Nf3 Nc6 3. Bb5 Bd6 4. O-O Nf6 5. Re1 O-O 6. d4 exd4 7. Bxc6 Bc5 8.
Ba4 d6 9. Bg5 Bg4 10. h3 h6 11. Bxf6 Bxf3 12. Qxf3 Qxf6 13. Qxf6 gxf6 14. Bd7
Rad8 15. Bf5 c6 16. Nd2 d5 17. a3 dxe4 18. Nxe4 Be7 19. g4 b5 20. Ng3 Bd6 21.
Nh5 a5 22. Nxf6+ Kh8 23. Re4 Bc7 24. Rae1 Kg7 25. Nh5+ Kg8 26. Bd7 Rxd7 27. Nf6+
Kg7 28. Nxd7 Rd8 29. Rxd4 c5 30. Rd5 a4 31. Re7 Ba5 32. Rxc5 Bd2 33. h4 b4 34.
Rd5 Bf4 35. Re4 Bc7 36. Rxb4 f6 37. Rxa4 Kf7 38. h5 Ke6 39. Rad4 Bb8 40. Nxb8
Rxd5 41. Rxd5 Kxd5 42. b3 Kc5 43. c3 Kb5 44. f4 Ka5 45. Kf2 Kb6 46. Ke3 Kc7 47.
Na6+ Kb6 48. Nb4 Kc5 49. Ke4 Kb5 50. Kf5 Ka5 51. Kxf6 Kb5 52. Ke6 Kc5 53. f5 Kb5
54. f6 Kb6 55. f7 Kb7 56. f8=Q Ka7 57. Qc5+ Kb7 58. Kd7 Ka8 59. Nc6 Kb7 60. Qa7#
1-0

[Event "Challenge"]
[Site "http://www.queenalice.com/game.php?id=429172"]
[Date "2008.7.7"]
[Round "-"]
[White "duis"]
[Black "luizantoniosetti"]
[Result "0-1"]
[WhiteElo "1800"]
[BlackElo "2182"]

1. e4 e6 2. Nf3 d5 3. e5 c5 4. Nc3 Nc6 5. d3 Nge7 6. Be3 d4 7. Bf4 dxc3 8. bxc3
Ng6 9. c4 Nxf4 10. c3 Ng6 11. Qa4 Bd7 12. Qc2 Ncxe5 13. Nxe5 Nxe5 14. d4 Ng6 15.
Be2 cxd4 16. cxd4 Bc6 17. O-O Qxd4 18. Rad1 Qf6 19. Qd2 Nh4 20. Qe3 Bxg2 21.
Rfe1 Bb4 22. Qd4 Bxe1 23. Rxe1 Qxd4 24. Rd1 Qe4 25. a4 Qxe2 26. Ra1 Qf3 27. a5
Bh3 28. Ra3 Qg2# 0-1

[Event "Challenge"]
[Site "http://www.queenalice.com/game.php?id=447736"]
[Date "2008.8.12"]
[Round "-"]
[White "Andre_Bidu"]
[Black "duis"]
[Result "0-1"]
[WhiteElo "1922"]
[BlackElo "1797"]

1. e4 e5 2. Nf3 d6 3. d4 Nd7 4. Bc4 Nh6 5. Bxh6 gxh6 6. dxe5 dxe5 7. O-O Bc5 8.
Qd5 Qe7 9. Qd2 Nb6 10. Bd3 Bd7 11. Qxh6 O-O-O 12. Nc3 Bg4 13. Qg5 Bxf3 14. Qf5+
Kb8 15. Qxf3 Rhg8 16. Nd5 Nxd5 17. exd5 Bd4 18. c3 Bb6 19. Be4 f6 20. d6 Rxd6
21. Bxb7 Qg7 22. g3 c5 23. Ba6 Ba5 24. Rad1 Rxa6 25. Rd5 Qb7 26. Rfd1 Rd6 27.
Qe4 Rgd8 28. c4 h5 29. b3 Bc3 30. f3 f5 31. Qxf5 Rxd5 32. Rxd5 Rxd5 33. Qf8+ Kc7
34. Qe7+ Rd7 35. Qxc5+ Kb8 36. Qf8+ Qc8 37. Qxc8+ Kxc8 38. Kg2 Rd2+ 0-1

[Event "AUTO-OPEN-915"]
[Site "http://www.queenalice.com/game.php?id=467939"]
[Date "2008.9.24"]
[Round "3"]
[White "Ikki_de_Fenix"]
[Black "duis"]
[Result "1-0"]
[WhiteElo "2430"]
[BlackElo "1818"]

1. d4 d5 2. c4 c5 3. dxc5 e6 4. cxd5 exd5 5. Nc3 Nf6 6. b4 Na6 7. a3 Bf5 8. Bf4
Qd7 9. e4 Bxe4 10. Bb5 Qxb5 11. Nxb5 Be7 12. f3 Bf5 13. Nd6+ Bxd6 14. Bxd6 Nb8
15. Qe2+ Be6 16. Qb5+ Nbd7 17. Qxb7 Rd8 18. c6 h5 19. c7 Nf8 20. cxd8=Q+ Kxd8
21. Qe7+ Kc8 22. Rc1# 1-0

[Event "AUTO-OPEN-915"]
[Site "http://www.queenalice.com/game.php?id=467940"]
[Date "2008.9.24"]
[Round "3"]
[White "duis"]
[Black "Ikki_de_Fenix"]
[Result "0-1"]
[WhiteElo "1796"]
[BlackElo "2473"]

1. e4 c5 2. Nf3 Nc6 3. d3 g6 4. Nc3 Bg7 5. Bf4 d6 6. Be2 Nf6 7. O-O O-O 8. Nd5
Nxd5 9. exd5 Nb4 10. c3 Nxd5 11. Bd2 Qb6 12. Qc2 Bd7 13. c4 Nb4 14. Bxb4 Qxb4
15. a3 Qxb2 16. Qxb2 Bxb2 17. Rab1 Bf6 18. Rxb7 Bc6 19. Rc7 Rfc8 20. Rxc8+ Rxc8
21. Nd2 Rb8 22. Rd1 Rb2 23. Bg4 Ba4 24. g3 Bxd1 25. Bxd1 Rxd2 26. Bf3 Rxd3 27.
Be2 Rxa3 28. h4 Bd4 29. Kg2 Ra2 30. Bd3 Rxf2+ 31. Kh3 Rf3 32. Be4 Re3 33. Bg2
Be5 34. Kh2 h5 35. Bc6 Rxg3 36. Kh1 Rh3+ 37. Kg2 Rxh4 38. Bb5 Rd4 39. Kh3 Rd2
40. Kh4 Rh2+ 41. Kg5 Kg7 42. Bc6 f6# 0-1

[Event "Challenge"]
[Site "http://www.queenalice.com/game.php?id=484423"]
[Date "2008.10.28"]
[Round "-"]
[White "coyote78"]
[Black "duis"]
[Result "1-0"]
[WhiteElo "1835"]
[BlackElo "1794"]

1. e4 e5 2. Nf3 Nc6 3. Bc4 Nf6 4. Nc3 Bb4 5. Nd5 Nxe4 6. O-O d6 7. Nxb4 Nxb4 8.
a3 Nc6 9. d3 Nf6 10. Ng5 O-O 11. Nxf7 Rxf7 12. Bxf7+ Kxf7 13. Bg5 h6 14. Be3 Nd5
15. Qf3+ Nf6 16. Qd1 Bg4 17. f3 Be6 18. c3 Qd7 19. f4 e4 20. dxe4 Re8 21. e5 Ne4
22. f5 Bxf5 23. g4 Rxe5 24. gxf5 Rxf5 25. Qh5+ g6 26. Qxh6 Ne5 27. Rxf5+ Qxf5
28. Rf1 Nf3+ 29. Kh1 g5 30. Qh5+ Ke6 31. Qxf3 Qxf3+ 32. Rxf3 d5 33. Kg2 a5 34.
Kh3 b5 35. Kg4 c5 36. Bxg5 Nxg5 37. Kxg5 c4 38. h4 Kd6 39. h5 Kc5 40. h6 b4 41.
axb4+ axb4 42. h7 d4 43. Rf5+ Kd6 44. h8=Q dxc3 45. bxc3 b3 46. Qh6+ Ke7 47. Qg6
b2 48. Rf7+ Ke8 49. Qg8# 1-0

[Event "Challenge"]
[Site "http://www.queenalice.com/game.php?id=484424"]
[Date "2008.10.28"]
[Round "-"]
[White "duis"]
[Black "coyote78"]
[Result "0-1"]
[WhiteElo "1816"]
[BlackElo "1783"]

1. e4 e5 2. Nf3 Nc6 3. Nc3 a6 4. b3 Nf6 5. Bd3 Bc5 6. Ng5 O-O 7. Na4 Bd4 8. c3
Ba7 9. b4 d6 10. Bc4 d5 11. exd5 Nxd5 12. Bd3 Qxg5 13. Qf3 Be6 14. Qe4 Nf6 15.
Qf3 Bd5 16. Qe2 Qxg2 17. Rf1 Bf3 18. Rg1 Qxg1+ 19. Qf1 Qxh2 20. Bc2 Ng4 21. d4
Nxd4 22. cxd4 Bxd4 23. Be3 Bxa1 24. Bc5 Rfd8 25. Bf5 Rd1# 0-1

[Event "saraquette 3"]
[Site "http://www.queenalice.com/game.php?id=491214"]
[Date "2008.11.10"]
[Round "1"]
[White "Altos"]
[Black "duis"]
[Result "0-1"]
[WhiteElo "1765"]
[BlackElo "1798"]

1. e4 e5 2. Nf3 Nc6 3. Bc4 Nh6 4. d3 b6 5. Bxh6 gxh6 6. Bd5 Bb7 7. Nxe5 Nxe5 8.
Bxb7 Rb8 9. Bd5 Bc5 10. Qh5 Qf6 11. Qf5 Be7 12. Qxf6 Bxf6 13. O-O O-O 14. Nc3 c6
15. Bb3 b5 16. a3 c5 17. Bd5 h5 18. h3 h4 19. b4 c4 20. dxc4 Nxc4 21. Bxc4 bxc4
22. Rad1 Bxc3 23. Rxd7 a6 24. Rc7 Rbc8 25. Ra7 Rc6 26. Rd1 Be5 27. Rd5 Bb2 28.
Ra5 Rd8 29. Rh5 Re6 30. Rxh4 Be5 31. f4 Bd4+ 32. Kh2 Bxa7 0-1

[Event "saraquette 3"]
[Site "http://www.queenalice.com/game.php?id=505856"]
[Date "2008.12.10"]
[Round "2"]
[White "duis"]
[Black "Ninja"]
[Result "0-1"]
[WhiteElo "1813"]
[BlackElo "1814"]

1. e4 e5 2. Nf3 d6 3. Nc3 Nf6 4. Bc4 Nc6 5. b4 Nxb4 6. O-O Bg4 7. Ba3 Bxf3 8.
gxf3 a5 9. Nb5 c6 10. Nc3 b5 11. Bd3 Nxd3 12. cxd3 b4 13. Bb2 bxc3 14. dxc3 Nh5
15. d4 Nf4 0-1

[Event "Challenge"]
[Site "http://www.queenalice.com/game.php?id=589133"]
[Date "2009.5.16"]
[Round "-"]
[White "saiesha"]
[Black "duis"]
[Result "1-0"]
[WhiteElo "2100"]
[BlackElo "1784"]

1. d4 d5 2. c4 c6 3. cxd5 cxd5 4. Nc3 Nf6 5. Nf3 Nc6 6. Bf4 e6 7. e3 g6 8. Bd3
Bg7 9. O-O h6 10. Nb5 O-O 11. Nc7 Rb8 12. Ne5 Nxe5 13. Bxe5 b6 14. Rc1 Bd7 15.
Qe2 Ne4 16. Bxe4 dxe4 17. Bd6 Bb5 18. Nxb5 Re8 19. Bxb8 Qxb8 20. Qc2 a6 21. Nc3
e5 22. d5 Rc8 23. Qxe4 f5 24. Qd3 b5 25. d6 e4 26. Qd5+ Kh7 27. d7 Rd8 28. Rfd1
Qe5 29. Qc6 f4 30. Rd5 Qe7 31. Rd6 f3 32. Nd5 Qg5 33. Nf4 Be5 34. Rxg6 Qf5 35.
Rxh6+ Kg8 36. Qg6+ Qxg6 37. Rxg6+ Kf7 38. Rxa6 Bxf4 39. exf4 fxg2 40. Ra7 Ke6
41. Rc6+ Ke7 42. Rh6 Rxd7 43. Rh7+ Ke8 44. Raxd7 e3 45. Ra7 exf2+ 46. Kxf2 g1=Q+
47. Kxg1 b4 48. Ra8# 1-0

[Event "AUTO-ADV-1354"]
[Site "http://www.queenalice.com/game.php?id=598729"]
[Date "2009.6.5"]
[Round "1"]
[White "reibas"]
[Black "duis"]
[Result "1-0"]
[WhiteElo "1840"]
[BlackElo "1735"]

1. e4 e5 2. Nf3 Nc6 3. Bc4 Nh6 4. d3 d6 5. Nc3 b6 6. Bxh6 gxh6 7. d4 Bg7 8. O-O
exd4 9. Nd5 Bb7 10. a3 Na5 11. Bb5+ c6 12. b4 cxb5 13. bxa5 bxa5 14. Rb1 Bxd5
15. exd5 O-O 16. Rxb5 a6 17. Rb1 Qf6 18. Nxd4 Qg5 19. f4 Qxd5 20. c3 Kh8 21. f5
Rg8 22. f6 Bxf6 23. Qf3 Qxf3 24. Rxf3 Bxd4+ 25. cxd4 Rac8 26. Rxf7 Rc2 27. g3
Rc3 28. Rf6 1-0

[Event "AUTO-ADV-1354"]
[Site "http://www.queenalice.com/game.php?id=598730"]
[Date "2009.6.5"]
[Round "1"]
[White "duis"]
[Black "reibas"]
[Result "0-1"]
[WhiteElo "1759"]
[BlackElo "1817"]

1. e4 e5 2. Nf3 Nc6 3. d3 Nf6 4. Nc3 Bc5 5. Be3 Bxe3 6. fxe3 d6 7. d4 O-O 8. d5
Ne7 9. Be2 a6 10. O-O Ng6 11. Bc4 Ng4 12. Qd2 f5 13. exf5 Bxf5 14. e4 Bd7 15. h3
Nh6 16. b3 Nh4 17. Be2 Rf4 18. a4 Nxf3+ 19. Bxf3 g5 20. Be2 Qf6 21. Rxf4 exf4
22. Kf1 Re8 23. Rc1 Nf7 24. Ke1 b5 25. axb5 axb5 26. b4 Ne5 0-1

[Event "AUTO-ADV-1354"]
[Site "http://www.queenalice.com/game.php?id=598745"]
[Date "2009.6.5"]
[Round "1"]
[White "duis"]
[Black "erivaldoadao"]
[Result "0-1"]
[WhiteElo "1797"]
[BlackElo "1883"]

1. d4 d5 2. Nf3 Nf6 3. e3 e6 4. Nc3 Bb4 5. Bd3 O-O 6. O-O Bxc3 7. bxc3 Bd7 8. c4
c6 9. c5 b6 10. cxb6 Qxb6 11. c3 c5 12. Ng5 h6 13. Nf3 cxd4 14. exd4 a6 15. Rb1
Qc6 16. Qd2 Bc8 17. Ne5 Qc7 18. Ba3 Re8 19. Qe3 Nbd7 20. f4 Nxe5 21. fxe5 Nd7
22. Qf3 Nb8 23. Bd6 Qa7 24. c4 Nc6 25. cxd5 exd5 26. Bc5 Qd7 27. Bc2 Nd8 28. Qd3
g6 29. Qe3 Kg7 30. Qf3 Re6 31. Ba4 Qxa4 32. Qxd5 Qc6 33. Qxd8 Bb7 34. Qh4 Qxg2#
0-1

[Event "AUTO-ADV-1354"]
[Site "http://www.queenalice.com/game.php?id=598746"]
[Date "2009.6.5"]
[Round "1"]
[White "erivaldoadao"]
[Black "duis"]
[Result "0-1"]
[WhiteElo "1815"]
[BlackElo "1780"]

1. e4 e5 2. Nf3 d6 3. Bc4 Nh6 4. d3 Be6 5. Bxe6 fxe6 6. O-O Nc6 7. Bxh6 gxh6 8.
Nc3 Qf6 9. a3 O-O-O 10. b4 Nd4 11. Nxd4 exd4 12. Ne2 Rg8 13. Qd2 e5 14. c4 Qg6
15. g3 Be7 16. a4 Bg5 17. f4 exf4 18. Kh1 fxg3 19. Qe1 g2+ 0-1

[Event "AUTO-ADV-1354"]
[Site "http://www.queenalice.com/game.php?id=598747"]
[Date "2009.6.5"]
[Round "1"]
[White "duis"]
[Black "emmacharlotte"]
[Result "0-1"]
[WhiteElo "1781"]
[BlackElo "1886"]

1. d4 Nf6 2. Nc3 e6 3. Nf3 d5 4. e3 Bb4 5. Bd3 Nc6 6. O-O O-O 7. Ne2 Bd6 8. Ng3
e5 9. c4 e4 10. Bc2 exf3 11. Qxf3 Bg4 12. cxd5 Bxf3 13. gxf3 Nxd5 14. f4 Qh4 15.
e4 Nxf4 16. e5 Be7 17. Bxf4 Nxd4 18. Ba4 Qh3 19. f3 Bc5 20. Kh1 b5 21. Be3 bxa4
22. Bxd4 Bxd4 23. Rad1 Bxe5 24. Rg1 Rad8 25. Rde1 Rde8 26. b3 Bxg3 27. Rxg3
Rxe1+ 28. Rg1 Qxf3# 0-1

[Event "AUTO-ADV-1354"]
[Site "http://www.queenalice.com/game.php?id=598748"]
[Date "2009.6.5"]
[Round "1"]
[White "emmacharlotte"]
[Black "duis"]
[Result "1-0"]
[WhiteElo "1898"]
[BlackElo "1745"]

1. d4 d5 2. c4 e6 3. Nc3 dxc4 4. e3 Nf6 5. Bxc4 Nc6 6. Nf3 Bb4 7. O-O O-O 8. Qc2
b6 9. Ne4 Nd5 10. Bxd5 Qxd5 11. Neg5 g6 12. e4 Qb5 13. a4 Nxd4 14. Nxd4 Qd7 15.
Qc6 Qxc6 16. Nxc6 a5 17. Nxb4 axb4 18. e5 h6 19. Ne4 Bb7 20. Nf6+ Kg7 21. Be3
Ra5 22. f4 Rd8 23. b3 Rd3 24. Bxb6 cxb6 25. Rab1 Rd2 26. Rf2 Rxf2 27. Kxf2 g5
28. g3 gxf4 29. gxf4 Rc5 30. Rg1+ Kf8 31. Nd7+ Ke7 32. Nxc5 bxc5 33. Rb1 1-0